Statistics for USMNT 2022 World Cup Roster

Click here to take the quiz!

General Stats

  • This quiz has been taken 263 times
  • The average score is 18 of 26

Answer Stats

HintAnswer% Correct
LW, ChelseaChristian Pulisic
98%
GK, ArsenalMatt Turner
93%
CM, JuventusWeston McKennie
89%
DM, Leeds UnitedTyler Adams
88%
RW, LilleTim Weah
86%
FB, FulhamAntonee Robinson
84%
AM, Leeds UnitedBrenden Aaronson
84%
FB, AC MilanSergino Dest
84%
RW, Borussia DortmundGio Reyna
83%
CB, Nashville SCWalker Zimmerman
82%
CB, FulhamTim Ream
81%
ST, Norwich CityJosh Sargent
77%
CM, ValenciaYunus Musah
77%
CB, CelticCameron Carter-Vickers
66%
ST, FC DallasJesus Ferreira
62%
FB, Inter Miami CFDeAndre Yedlin
61%
LW, Seattle SoundersJordan Morris
60%
GK, New York City FCSean Johnson
60%
ST, AntalyasporHaji Wright
59%
GK, Luton TownEthan Horvath
57%
CB, New York Red BullsAaron Long
56%
FB, Borussia MönchengladbachJoe Scally
51%
DM, Los Angeles FCKellyn Acosta
47%
CM, Celta VigoLuca De La Torre
47%
AM, Seattle Sounders FCCristian Roldan
43%
FB, Nashville SCShaq Moore
41%

Score Distribution

Percentile by Number Answered

Percent of People with Each Score

Your Score History

You have not taken this quiz